#No filter odhaľte tajomstvo Instagramu, ktorý každý deň ovplyvňuje životný štýl miliónov ľudí

Bibliographic Details
Main Author: Frier, Sarah (Author)
Other Authors: Šajbanová, Zuzana (Translator)
Format: Book
Language:Slovak
English
PhysicalDescription:351 strán 21 cm
Published: Bratislava Grada Slovakia s.r.o. - Grada 2021
ISBN:9788080902377
Edition:Vydanie 1.
Subjects:

MARC

LEADER 00000nam a2200000 4500
001 vtls012075860
003 SK-MaSNL
005 20260301230727.0
008 211103s2021 xo g 010 0dslo
020 |a 9788080902377  |q (brožované) 
040 |a SNK  |b slo  |c SNK  |e rda 
041 1 |a slo  |h eng 
044 |a xo  |c SK 
072 7 |a 004.7  |x Počítačové siete  |2 konspekt 
072 7 |a 316.4  |x Sociálne procesy  |2 konspekt 
080 |a 004.738.5:316.472.4  |2 2011 
080 |a (048.8)  |2 2011 
100 1 |a Frier, Sarah  |4 aut  |9 621929 
240 1 0 |a No filter  |l Slovensky 
245 1 0 |a #No filter  |b odhaľte tajomstvo Instagramu, ktorý každý deň ovplyvňuje životný štýl miliónov ľudí  |c Sarah Frier ; z anglického originálu No filter. The inside story of Instagram ... preložila do slovenčiny Zuzana Šajbanová 
246 3 |a No filter 
250 |a Vydanie 1. 
264 1 |a Bratislava  |b Grada Slovakia s.r.o. - Grada  |c 2021 
300 |a 351 strán  |c 21 cm 
336 |a text  |b txt  |2 rdacontent 
337 |a bez média  |b n  |2 rdamedia 
338 |a zväzok  |b nc  |2 rdacarrier 
500 |a Na obálke: Financial Times a McKinsey Business Book of the Year 2020 
500 |a Obsahuje stručné profesijné údaje o autorke 
500 |a Vydala Grada Slovakia s.r.o. pod značkou Grada 
650 0 7 |a Instagram (aplikácia)  |2 SNKPH  |9 621930 
650 0 7 |a internetové sociálne siete  |2 SNKPH  |9 107803 
650 0 7 |a Facebook (sociálna sieť)  |2 SNKPH  |9 131292 
650 0 7 |a Instagram (Application)  |2 SNKPHeng  |9 621931 
650 0 7 |a Internet social networks  |2 SNKPHeng  |9 326974 
650 0 7 |a Facebook (electronic resource)  |2 SNKPHeng  |9 350471 
655 7 |a monografie  |2 SNKPH  |9 70139 
655 7 |a Monographs  |2 SNKPHeng  |9 120675 
700 1 |a Šajbanová, Zuzana  |4 trl  |9 168600 
852 |a Štátna vedecká knižnica v Banskej Bystrici 
919 |a 978-80-8090-237-7 
999 |c 955839  |d 957769 
952 |a SNK  |b SNK  |y PREZ  |7 0  |p 17A1470857  |o snkSC 195775  |i snk2022/165  |8 0  |0 0  |1 0  |4 0  |d 2022-01-04  |f 1  |l 0  |r 2025-10-15 00:00:00  |w 2026-02-24 
952 |a SNK  |b SNK  |y VYP  |7 0  |p 17A1470858  |o snkSC 195775 D1  |i snk2022/166  |8 0  |0 0  |1 0  |4 0  |d 2022-01-04  |l 0  |r 2026-02-24 10:02:34  |w 2026-02-24